Largest Municipalities in Mississippi by First Letter - Statistics

General Stats
  • This quiz has been taken 7 times
    4 since last reset
  • The average score is 11 of 24
Answer Stats
First Letter County Population Municipality % Correct
B Harrison 47,445 Biloxi
100%
J Hinds 137,517 Jackson
100%
T Lee 37,511 Tupelo
100%
C Hinds 25,845 Clinton
67%
G Harrison 72,791 Gulfport
67%
H Forrest 48,199 Hattiesburg
67%
I Sunflower 8,611 Indianola
67%
M Lauderdale 32,673 Meridian
67%
P Rankin 28,773 Pearl
67%
S DeSoto 58,189 Southaven
67%
V Warren 19,343 Vicksburg
67%
Y Yazoo 9,407 Yazoo City
67%
D Harrison 13,667 D'Iberville
33%
K Attala 6,684 Kosciusko
33%
L Harrison 17,114 Long Beach
33%
N Adams 13,599 Natchez
33%
O DeSoto 47,324 Olive Branch
33%
R Madison 24,354 Ridgeland
33%
A Monroe 6,266 Amory
0%
E Jones 4,482 Ellisville
0%
F Rankin 10,965 Flowood
0%
Q Clarke 1,920 Quitman
0%
U Neshoba 1,980 Union
0%
W Clay 9,556 West Point
0%
No matching quizzes found
Score Distribution
Percent of People with Each Score
Percentile by Number Answered
Your Score History
You have not taken this quiz since the last reset